Países más Cercanos a Rusia - Estadísticas

Estadísticas generales
  • Esta prueba ha sido intentada 83 veces
  • La puntuación promedio es 18 de 20
Estadísticas de respuestas
km País % Correcto
0 China
100%
0 Ucrania
100%
0 Bielorrusia
99%
0 Kazajistán
97%
0 Mongolia
97%
0 Finlandia
96%
0 Estonia
94%
0 Letonia
94%
0 Lituania
93%
0 Noruega
93%
0 Polonia
91%
208 Suecia
91%
110 Armenia
90%
0 Azerbaiyán
87%
0 Corea del Norte
87%
0 Georgia
87%
43 Japón
83%
136 Turquía
79%
4 Estados Unidos
76%
165 Irán
64%
No se encontraron pruebas coincidentes
Distribución de puntuación
Porcentaje de gente con cada puntuación
Porcentaje por número respondido
Historial de tus puntuaciones
No has intentado esta prueba.